Principles of biomedical ethics / (Record no. 1451)
[ view plain ]
| 000 -LEADER | |
|---|---|
| fixed length control field | 01093nam a2200337 a 4500 |
| 003 - CONTROL NUMBER IDENTIFIER | |
| control field | UkOxU |
| 005 - DATE AND TIME OF LATEST TRANSACTION | |
| control field | 20210628074422.0 |
| 008 - FIXED-LENGTH DATA ELEMENTS--GENERAL INFORMATION | |
| fixed length control field | 940907s1994 nyu b 001 0 eng d |
| 020 ## - INTERNATIONAL STANDARD BOOK NUMBER | |
| International Standard Book Number | 0195085361 (hbk) |
| 020 ## - INTERNATIONAL STANDARD BOOK NUMBER | |
| International Standard Book Number | 019508537X (pbk) |
| 040 ## - CATALOGING SOURCE | |
| Transcribing agency | ALUPE UNIVERSITY |
| 050 ## - LIBRARY OF CONGRESS CALL NUMBER | |
| Classification number | R724 |
| Item number | .B39 1994 |
| 092 ## - LOCALLY ASSIGNED DEWEY CALL NUMBER (OCLC) | |
| Classification number | D0501865792 |
| 100 1# - MAIN ENTRY--PERSONAL NAME | |
| Personal name | Beauchamp, Tom L. |
| 245 10 - TITLE STATEMENT | |
| Title | Principles of biomedical ethics / |
| Statement of responsibility, etc. | Tom L. Beauchamp, James F. Childress. |
| 250 ## - EDITION STATEMENT | |
| Edition statement | 4th ed. |
| 260 ## - PUBLICATION, DISTRIBUTION, ETC. | |
| Place of publication, distribution, etc. | New York ; |
| -- | Oxford : |
| Name of publisher, distributor, etc. | Oxford University Press, |
| Date of publication, distribution, etc. | 1994. |
| 300 ## - PHYSICAL DESCRIPTION | |
| Extent | x, 546 p. ; |
| Dimensions | 25 cm. |
| 500 ## - GENERAL NOTE | |
| General note | Previous ed.: 1989. |
| 504 ## - BIBLIOGRAPHY, ETC. NOTE | |
| Bibliography, etc. note | Includes bibliographical references and index. |
| 650 #0 - SUBJECT ADDED ENTRY--TOPICAL TERM | |
| Topical term or geographic name entry element | Medical ethics. |
| 700 1# - ADDED ENTRY--PERSONAL NAME | |
| Personal name | Childress, James F. |
| 942 ## - ADDED ENTRY ELEMENTS (KOHA) | |
| Source of classification or shelving scheme | |
| Koha item type | Book |
| Suppress in OPAC | DO |
| Withdrawn status | Lost status | Source of classification or shelving scheme | Damaged status | Not for loan | Permanent Location | Current Location | Shelving location | Date acquired | Total Checkouts | Full call number | Barcode | Date last seen | Copy number | Price effective from | Koha item type | Public note | Source of acquisition |
|---|---|---|---|---|---|---|---|---|---|---|---|---|---|---|---|---|---|
| AU LIBRARY | AU LIBRARY | Open Shelf | 28.06.2021 | R724 .B39 1994 C1 | 28003903 | 28.06.2021 | 1 | 28.06.2021 | Book | DO | |||||||
| AU LIBRARY | AU LIBRARY | Open Shelf | 17.08.2021 | R724 .B39 1994 C2 | 28004171 | 17.08.2021 | 2 | 17.08.2021 | Book | PW | DONATION FROM MOI UNIVERSITY | ||||||
| AU LIBRARY | AU LIBRARY | Open Shelf | 23.03.2022 | R724 .B39 1994 C3 | 28006315 | 23.03.2022 | 23.03.2022 | Book | WO | DONATION FROM MOI UNIVERSITY |